[Event "Skakliga 2007-08"]
[Site "Denmark"]
[Date "2007.11.18"]
[Round "3.3"]
[White "Hoi, Carsten"]
[Black "Kristensen, Kaare Hove"]
[Result "1-0"]
[WhiteElo "2409"]
[BlackElo "2318"]
[PlyCount "85"]
[EventDate "2007.11.10"]
[EventType "team-tourn"]
[EventRounds "9"]
[EventCountry "DEN"]
[Source "ChessBase"]
[SourceDate "2003.11.25"]
[WhiteTeam "Bronshoj"]
[BlackTeam "Nordkalotten"]
[WhiteTeamCountry "DEN"]
[BlackTeamCountry "DEN"]

1. d4 d5 2. Nf3 Nc6 3. Bf4 Bg4 4. e3 e6 5. c4 Bb4+ 6. Nc3 Nge7 7. h3 Bxf3 8.
gxf3 dxc4 9. Bxc4 Nd5 10. Bxd5 exd5 11. Rg1 g6 12. Qb3 Qd7 13. h4 O-O 14. O-O-O
Bxc3 15. Qxc3 Rfc8 16. h5 Nd8 17. Qd3 c5 18. hxg6 fxg6 19. Rxg6+ Kf8 20. Bh6+
Ke7 21. Rg7+ Nf7 22. Bg5+ Kd6 23. Bf4+ Ke7 24. Bg5+ Kd6 25. Qxh7 Rf8 26. Bf4+
Ke7 27. dxc5 Rac8 28. Kb1 Rxc5 29. Qd3 Qc6 30. Qg6 Qxg6+ 31. Rxg6 Rfc8 32. Rgg1
Ke6 33. e4 Ne5 34. Bxe5 Kxe5 35. Rg5+ Kf6 36. Rgxd5 Rc2 37. R5d2 R2c7 38. f4
Re8 39. f3 Rf7 40. Rd6+ Re6 41. Rd7 Ree7 42. R1d6+ Kg7 43. Rxe7 1-0

[Event "Skakliga 2007-08"]
[Site "Denmark"]
[Date "2007.11.18"]
[Round "3.4"]
[White "Jakobsen, Peter"]
[Black "Bromann, Thorbjorn"]
[Result "1/2-1/2"]
[WhiteElo "2215"]
[BlackElo "2430"]
[PlyCount "67"]
[EventDate "2007.11.10"]
[EventType "team-tourn"]
[EventRounds "9"]
[EventCountry "DEN"]
[Source "ChessBase"]
[SourceDate "2003.11.25"]
[WhiteTeam "Nordkalotten"]
[BlackTeam "Bronshoj"]
[WhiteTeamCountry "DEN"]
[BlackTeamCountry "DEN"]

1. e4 e6 2. d4 d5 3. Nd2 c5 4. Ngf3 cxd4 5. Nxd4 Nc6 6. Bb5 Bd7 7. Nxc6 Bxc6 8.
Bxc6+ bxc6 9. c4 Bc5 10. Qa4 Ne7 11. exd5 exd5 12. cxd5 Qxd5 13. O-O O-O 14.
Nf3 Rab8 15. Qc2 Ng6 16. Rd1 Qh5 17. Bg5 Bb6 18. Qxc6 h6 19. Bd2 Rfd8 20. Bc3
Nf4 21. Be5 Qg4 22. Bxf4 Qxf4 23. Rxd8+ Rxd8 24. Qc2 Qg4 25. h3 Rc8 26. Qd2 Qf5
27. Rc1 Rxc1+ 28. Qxc1 Qe6 29. b3 Qe2 30. Qc8+ Kh7 31. Qf5+ Kg8 32. Qc8+ Kh7
33. Qf5+ Kg8 34. Qc8+ 1/2-1/2

[Event "Skakliga 2007-08"]
[Site "Denmark"]
[Date "2007.11.18"]
[Round "3.5"]
[White "Brinck Claussen, Bjorn"]
[Black "Nielsen, Lars Aaes"]
[Result "1/2-1/2"]
[WhiteElo "2292"]
[BlackElo "2201"]
[PlyCount "109"]
[EventDate "2007.11.10"]
[EventType "team-tourn"]
[EventRounds "9"]
[EventCountry "DEN"]
[Source "ChessBase"]
[SourceDate "2003.11.25"]
[WhiteTeam "Bronshoj"]
[BlackTeam "Nordkalotten"]
[WhiteTeamCountry "DEN"]
[BlackTeamCountry "DEN"]

1. e4 e6 2. d4 d5 3. Nc3 Bb4 4. e5 b6 5. Qg4 Bf8 6. Bg5 Qd7 7. Bb5 c6 8. Ba4 a5
9. a3 Ba6 10. Nge2 Bc4 11. O-O b5 12. Bb3 Bxb3 13. cxb3 Na6 14. Rfc1 Ne7 15.
Bxe7 Qxe7 16. Nf4 g6 17. Rc2 h5 18. Qh3 Bg7 19. Nd3 O-O 20. Ne2 Rfc8 21. Rac1
b4 22. a4 Qb7 23. Qe3 Ra7 24. h3 Qb6 25. g4 hxg4 26. hxg4 Rac7 27. Kg2 Bf8 28.
Nc5 Nxc5 29. dxc5 Qa6 30. Nd4 Bg7 31. Rh1 Re8 32. g5 Kf8 33. Rh7 Kg8 34. Rh4
Kf8 35. Rc1 Ke7 36. Rh7 Rg8 37. Qf3 Qc8 38. Rch1 Qf8 39. Qf4 Kd7 40. Nf3 Kc8
41. Ne1 Kb7 42. Nd3 Qd8 43. R1h4 d4 44. Kf1 Qd5 45. Qxd4 Qxb3 46. Nc1 Qc2 47.
Nd3 Qxa4 48. Rxg7 Rxg7 49. Rh8 f5 50. Qd8 Ka6 51. Qa8+ Kb5 52. Rb8+ Kc4 53.
Rxb4+ Qxb4 54. Nxb4 axb4 55. Qa2+ 1/2-1/2

[Event "Skakliga 2007-08"]
[Site "Denmark"]
[Date "2007.11.18"]
[Round "3.6"]
[White "Lilja, Richard"]
[Black "Carstensen, Jacob"]
[Result "0-1"]
[WhiteElo "2109"]
[BlackElo "2300"]
[PlyCount "66"]
[EventDate "2007.11.10"]
[EventType "team-tourn"]
[EventRounds "9"]
[EventCountry "DEN"]
[Source "ChessBase"]
[SourceDate "2003.11.25"]
[WhiteTeam "Nordkalotten"]
[BlackTeam "Bronshoj"]
[WhiteTeamCountry "DEN"]
[BlackTeamCountry "DEN"]

1. e4 c5 2. Nf3 d6 3. d3 Nc6 4. g3 g6 5. Bg2 Bg7 6. O-O Nf6 7. Nbd2 O-O 8. h3
Rb8 9. Re1 b5 10. Nf1 b4 11. Be3 e5 12. Qc1 Nd4 13. Nxd4 cxd4 14. Bh6 Be6 15.
Bxg7 Kxg7 16. Nd2 Rc8 17. b3 Rc3 18. Nc4 Bxc4 19. bxc4 Nd7 20. Qb2 Nc5 21. Re2
Qa5 22. Kh2 Ra3 23. f4 f6 24. Rf2 b3 25. fxe5 dxe5 26. Rff1 bxc2 27. Qxc2 Rxd3
28. Rab1 Rd2 29. Qc1 Qxa2 30. Rg1 Nd3 31. Rb7+ Rf7 32. Rxf7+ Kxf7 33. Qa1 Rxg2+
0-1

[Event "Skakliga 2007-08"]
[Site "Denmark"]
[Date "2007.11.18"]
[Round "3.7"]
[White "Palm, Nikolaj"]
[Black "Koch, Soren Andreas"]
[Result "1/2-1/2"]
[WhiteElo "2260"]
[BlackElo "2094"]
[PlyCount "80"]
[EventDate "2007.11.10"]
[EventType "team-tourn"]
[EventRounds "9"]
[EventCountry "DEN"]
[Source "ChessBase"]
[SourceDate "2003.11.25"]
[WhiteTeam "Bronshoj"]
[BlackTeam "Nordkalotten"]
[WhiteTeamCountry "DEN"]
[BlackTeamCountry "DEN"]

1. d4 Nf6 2. Nf3 d5 3. c4 e6 4. Bg5 Be7 5. e3 h6 6. Bh4 Ne4 7. Bxe7 Qxe7 8. Nc3
Nxc3 9. bxc3 O-O 10. Bd3 dxc4 11. Bxc4 c5 12. O-O b6 13. Qe2 Bb7 14. Ne5 Nd7
15. f4 Be4 16. Rac1 Rac8 17. Bb5 Nxe5 18. fxe5 Rc7 19. c4 Rd8 20. Rfd1 Qg5 21.
Qf2 a6 22. h4 Qxg2+ 23. Qxg2 Bxg2 24. Bxa6 Be4 25. Bb5 f6 26. dxc5 Rxd1+ 27.
Rxd1 bxc5 28. Rd6 Kf7 29. exf6 gxf6 30. a4 Ke7 31. Rd1 e5 32. a5 Ke6 33. Kf2
Ra7 34. a6 Rg7 35. Rd8 Rg4 36. Rc8 Rxh4 37. Rxc5 Rh2+ 38. Kf1 Ra2 39. Rc8 h5
40. Rh8 Kd6 1/2-1/2

[Event "Skakliga 2007-08"]
[Site "Denmark"]
[Date "2007.11.18"]
[Round "3.8"]
[White "Andersen, Peter Vestergaard"]
[Black "Aabling Thomsen, Jakob"]
[Result "0-1"]
[WhiteElo "1913"]
[BlackElo "2269"]
[PlyCount "102"]
[EventDate "2007.11.10"]
[EventType "team-tourn"]
[EventRounds "9"]
[EventCountry "DEN"]
[Source "ChessBase"]
[SourceDate "2003.11.25"]
[WhiteTeam "Nordkalotten"]
[BlackTeam "Bronshoj"]
[WhiteTeamCountry "DEN"]
[BlackTeamCountry "DEN"]

1. e4 g6 2. d4 Bg7 3. Nc3 d6 4. f4 a6 5. Nf3 b5 6. Bd3 Nd7 7. Be3 Bb7 8. O-O
Rc8 9. e5 c5 10. dxc5 dxe5 11. Nxe5 Ngf6 12. c6 Bxc6 13. Nxc6 Rxc6 14. Qf3 Qc8
15. Ne2 O-O 16. Nd4 Rd6 17. Nb3 Ne8 18. Rab1 f5 19. Rfe1 e5 20. fxe5 Nxe5 21.
Qe2 f4 22. Bc5 f3 23. gxf3 Nxf3+ 24. Kh1 Nxe1 25. Rxe1 Kh8 26. Bxd6 Nxd6 27.
Qg2 Bxb2 28. Qd5 Qh3 29. Nd4 Nc4 30. Bxc4 bxc4 31. Qe5+ Kg8 32. Qe6+ Qxe6 33.
Nxe6 Rf2 34. Nc5 a5 35. Ne6 Rxc2 36. Rf1 Bg7 37. Rf4 h6 38. a4 Re2 39. Nxg7 c3
40. Ne6 Rxe6 41. Rc4 Re1+ 42. Kg2 Re2+ 43. Kg3 c2 44. h4 Kf7 45. Kf3 Rh2 46.
Kg3 Rd2 47. Kf3 Ke6 48. Ke3 Rh2 49. Kd3 Rxh4 50. Rxc2 Rxa4 51. Rc6+ Kf5 0-1

[Event "Skakliga 2007-08"]
[Site "Denmark"]
[Date "2007.11.18"]
[Round "3.1"]
[White "Nielsen, Peter Heine"]
[Black "Pedersen, Steffen"]
[Result "1-0"]
[WhiteElo "2628"]
[BlackElo "2452"]
[PlyCount "71"]
[EventDate "2007.11.10"]
[EventType "team-tourn"]
[EventRounds "9"]
[EventCountry "DEN"]
[Source "ChessBase"]
[SourceDate "2003.11.25"]
[WhiteTeam "Helsinge"]
[BlackTeam "Sydostfyn"]
[WhiteTeamCountry "DEN"]
[BlackTeamCountry "DEN"]

1. d4 d5 2. c4 e6 3. Nc3 Nf6 4. Nf3 Be7 5. Bf4 O-O 6. Qc2 c5 7. dxc5 Bxc5 8. e3
Nc6 9. a3 Bd7 10. Rd1 Rc8 11. Be2 dxc4 12. Bxc4 Qa5 13. O-O Be7 14. Bd3 h6 15.
Qb3 e5 16. Bg3 Qc7 17. Bb5 Be6 18. Qa4 Nh5 19. Nd5 Bxd5 20. Rxd5 Nxg3 21. hxg3
Bf6 22. Rc1 Qb6 23. Rdc5 e4 24. Qxe4 Bxb2 25. Bd3 g6 26. R1c2 Bxa3 27. Rb5 Qc7
28. Qc4 Qd6 29. Qb3 b6 30. Rd5 Qb4 31. Qa2 Ne7 32. Rd7 Rxc2 33. Bxc2 a5 34. Ne5
Qb2 35. Qxb2 Bxb2 36. Rxe7 1-0

[Event "Skakliga 2007-08"]
[Site "Denmark"]
[Date "2007.11.18"]
[Round "3.2"]
[White "Borbjerggaard, Lars"]
[Black "Schandorff, Lars"]
[Result "0-1"]
[WhiteElo "2376"]
[BlackElo "2525"]
[PlyCount "88"]
[EventDate "2007.11.10"]
[EventType "team-tourn"]
[EventRounds "9"]
[EventCountry "DEN"]
[Source "ChessBase"]
[SourceDate "2003.11.25"]
[WhiteTeam "Sydostfyn"]
[BlackTeam "Helsinge"]
[WhiteTeamCountry "DEN"]
[BlackTeamCountry "DEN"]

1. d4 Nf6 2. Bg5 Ne4 3. Bf4 c5 4. f3 Qa5+ 5. c3 Nf6 6. d5 e6 7. e4 exd5 8. e5
Qc7 9. Nh3 Nh5 10. Qxd5 Nxf4 11. Nxf4 Nc6 12. Nd3 d6 13. Na3 dxe5 14. Nb5 Qd8
15. O-O-O Qxd5 16. Nc7+ Kd8 17. Nxd5 Be6 18. f4 exf4 19. N3xf4 Bd6 20. Bb5
Bxf4+ 21. Nxf4+ Kc7 22. Nxe6+ fxe6 23. Rhf1 Raf8 24. Bc4 Rxf1 25. Rxf1 Kd6 26.
Rd1+ Ke7 27. Re1 Nd8 28. Bd3 h6 29. Re4 Rf8 30. Rg4 g5 31. h4 Rf4 32. Rxf4 gxf4
33. Kd2 Nf7 34. Ke2 Kf6 35. Be4 Nd6 36. Bh7 Nf5 37. h5 Ng3+ 38. Kf3 Kg5 39. a4
b6 40. b4 cxb4 41. cxb4 Nxh5 42. a5 Ng3 43. a6 e5 44. Bd3 h5 0-1

[Event "Skakliga 2007-08"]
[Site "Denmark"]
[Date "2007.11.18"]
[Round "3.3"]
[White "Hutters, Tomas"]
[Black "Sorensen, Torben N"]
[Result "0-1"]
[WhiteElo "2437"]
[BlackElo "2387"]
[PlyCount "42"]
[EventDate "2007.11.10"]
[EventType "team-tourn"]
[EventRounds "9"]
[EventCountry "DEN"]
[Source "ChessBase"]
[SourceDate "2003.11.25"]
[WhiteTeam "Helsinge"]
[BlackTeam "Sydostfyn"]
[WhiteTeamCountry "DEN"]
[BlackTeamCountry "DEN"]

1. Nf3 g6 2. e4 c5 3. c3 Bg7 4. d4 cxd4 5. cxd4 d5 6. e5 Bg4 7. Nc3 Nc6 8. Bb5
Nh6 9. Bxc6+ bxc6 10. Qa4 O-O 11. Bxh6 Bxh6 12. Qxc6 e6 13. h4 Rb8 14. Nd1 Qe7
15. a3 Rfc8 16. Qa6 Rc4 17. Ng5 Bxg5 18. hxg5 Qxg5 19. Ne3 Rxb2 20. Nxc4 Re2+
21. Kf1 Qf4 0-1

[Event "Skakliga 2007-08"]
[Site "Denmark"]
[Date "2007.11.18"]
[Round "3.4"]
[White "Nordenbaek, Jan"]
[Black "Vaznonis, Vytautas"]
[Result "1/2-1/2"]
[WhiteElo "2223"]
[BlackElo "2384"]
[PlyCount "123"]
[EventDate "2007.11.10"]
[EventType "team-tourn"]
[EventRounds "9"]
[EventCountry "DEN"]
[Source "ChessBase"]
[SourceDate "2003.11.25"]
[WhiteTeam "Sydostfyn"]
[BlackTeam "Helsinge"]
[WhiteTeamCountry "DEN"]
[BlackTeamCountry "DEN"]

1. d4 d5 2. Nf3 Nf6 3. Bf4 c5 4. c3 e6 5. e3 Nc6 6. Nbd2 Qb6 7. Qb3 c4 8. Qxb6
axb6 9. a3 b5 10. Rc1 Nh5 11. Be2 Nxf4 12. exf4 f6 13. O-O Bd6 14. g3 Bd7 15.
Rfe1 O-O-O 16. Bf1 Rde8 17. Bg2 h6 18. h4 Re7 19. Re3 Rg8 20. Rce1 g5 21. hxg5
hxg5 22. fxg5 fxg5 23. Nf1 g4 24. N3h2 Rg5 25. R3e2 Reg7 26. Ne3 Nd8 27. Bf1
Be8 28. Rd2 Bh5 29. Bg2 Kd7 30. Bf1 Nf7 31. Be2 Nh6 32. b4 Ng8 33. Bf1 Nf6 34.
Bg2 Bg6 35. Ra2 Be4 36. a4 Bxg2 37. Kxg2 Ne4 38. Rc1 bxa4 39. Rxa4 Rg8 40. Nd1
Rf8 41. Rc2 e5 42. dxe5 Bxe5 43. Ra3 Rfg8 44. Nf1 Rh5 45. Nfe3 Kc6 46. Ra5 Bc7
47. Ra3 Bb6 48. Re2 Nd6 49. Raa2 Ne4 50. Nxc4 Rgh8 51. Rxe4 dxe4 52. Kf1 Bc7
53. Nd2 Rf8 54. Ke2 Bb6 55. Nc4 Rhf5 56. Ke1 Bc7 57. Nce3 Rg5 58. c4 Be5 59.
Rd2 b6 60. Ke2 Ra8 61. b5+ Kc7 62. Nd5+ 1/2-1/2

[Event "Skakliga 2007-08"]
[Site "Denmark"]
[Date "2007.11.18"]
[Round "3.5"]
[White "Bekker Jensen, Simon"]
[Black "Strandby, Martin"]
[Result "1-0"]
[WhiteElo "2384"]
[BlackElo "2072"]
[PlyCount "95"]
[EventDate "2007.11.10"]
[EventType "team-tourn"]
[EventRounds "9"]
[EventCountry "DEN"]
[Source "ChessBase"]
[SourceDate "2003.11.25"]
[WhiteTeam "Helsinge"]
[BlackTeam "Sydostfyn"]
[WhiteTeamCountry "DEN"]
[BlackTeamCountry "DEN"]

1. d4 Nf6 2. c4 e6 3. Nc3 d5 4. cxd5 exd5 5. Bg5 Be7 6. e3 O-O 7. Bd3 c6 8. Qc2
Nbd7 9. Nf3 Re8 10. O-O Nf8 11. h3 Ng6 12. Ne5 Nd7 13. Bxe7 Qxe7 14. f4 Ndxe5
15. dxe5 Qc5 16. Qf2 f6 17. Rac1 Qe7 18. Bxg6 hxg6 19. e4 d4 20. exf6 gxf6 21.
Qxd4 Be6 22. f5 Rad8 23. Qxa7 Bc4 24. Rf2 g5 25. Re1 Qe5 26. Qe3 Rd3 27. Qc1
Ba6 28. Rd1 Red8 29. Rxd3 Rxd3 30. Qe1 Qd4 31. Kh1 Re3 32. Qg1 Rd3 33. Rf3 Qd6
34. Rxd3 Qxd3 35. Qd1 Qg3 36. Qd8+ Kf7 37. Qd7+ Kf8 38. Qc8+ Kf7 39. Qe6+ Kg7
40. Qe7+ Kg8 41. Qe8+ Kg7 42. Qg6+ Kf8 43. Qxf6+ Ke8 44. Qd4 Bf1 45. Qd2 g4 46.
hxg4 Qxg4 47. Kg1 Ba6 48. Qe3 1-0

[Event "Skakliga 2007-08"]
[Site "Denmark"]
[Date "2007.11.18"]
[Round "3.6"]
[White "Jepsen, Thomas"]
[Black "Nilssen, John Arni"]
[Result "0-1"]
[WhiteElo "2073"]
[BlackElo "2355"]
[PlyCount "96"]
[EventDate "2007.11.10"]
[EventType "team-tourn"]
[EventRounds "9"]
[EventCountry "DEN"]
[Source "ChessBase"]
[SourceDate "2003.11.25"]
[WhiteTeam "Sydostfyn"]
[BlackTeam "Helsinge"]
[WhiteTeamCountry "DEN"]
[BlackTeamCountry "DEN"]

1. e4 c5 2. Nf3 Nc6 3. d3 g6 4. Nbd2 Bg7 5. g3 d6 6. Bg2 e5 7. O-O Nge7 8. a4
O-O 9. Nc4 h6 10. h4 Be6 11. Ne3 Qd7 12. Nh2 Nd4 13. Nd5 f5 14. c3 Ndc6 15. f4
Bf7 16. Ne3 exf4 17. gxf4 Rad8 18. h5 gxh5 19. Qf3 d5 20. Nxf5 Nxf5 21. exf5
Qxf5 22. Bh3 Qf6 23. Bd2 Rfe8 24. Kh1 Kh8 25. Rg1 Ne7 26. f5 d4 27. c4 Rg8 28.
Rae1 Be8 29. Qf4 Bc6+ 30. Nf3 Rdf8 31. Kh2 Nxf5 32. Ne5 Nh4 33. Qxh4 Qxe5+ 34.
Rg3 Rf2+ 35. Kg1 Re2 36. Rxe2 Qxe2 37. Bf4 Qe1+ 38. Bf1 Rf8 39. Rh3 Qe6 40. Bg3
Bf3 41. Rh2 Bg4 42. Rf2 Qe3 43. Qh2 Bf3 44. Qh4 Rf5 45. Qd8+ Kh7 46. Qc7 Rg5
47. Kh2 h4 48. Bxh4 Rh5 0-1

[Event "Skakliga 2007-08"]
[Site "Denmark"]
[Date "2007.11.18"]
[Round "3.7"]
[White "Bekker Jensen, David"]
[Black "Nohr, Finn"]
[Result "1/2-1/2"]
[WhiteElo "2320"]
[BlackElo "2058"]
[PlyCount "99"]
[EventDate "2007.11.10"]
[EventType "team-tourn"]
[EventRounds "9"]
[EventCountry "DEN"]
[Source "ChessBase"]
[SourceDate "2003.11.25"]
[WhiteTeam "Helsinge"]
[BlackTeam "Sydostfyn"]
[WhiteTeamCountry "DEN"]
[BlackTeamCountry "DEN"]

1. d4 Nf6 2. c4 c5 3. d5 b5 4. cxb5 a6 5. bxa6 g6 6. Nc3 Bxa6 7. e4 Bxf1 8.
Kxf1 d6 9. Nf3 Bg7 10. g3 Nbd7 11. Kg2 O-O 12. Re1 Ra6 13. e5 Ng4 14. exd6 exd6
15. Bg5 Qa8 16. Qd2 Nde5 17. Nxe5 Nxe5 18. Re4 f5 19. Re2 Rb8 20. Rd1 Rb4 21.
Qe1 h6 22. Bc1 Rd4 23. f4 Rxd1 24. Qxd1 Ng4 25. Re6 Bxc3 26. bxc3 Rxa2+ 27. Kg1
c4 28. Qd4 Qa7 29. Qxa7 Rxa7 30. h3 Ra1 31. hxg4 Rxc1+ 32. Kf2 Rc2+ 33. Ke3
Rxc3+ 34. Kd4 Rxg3 35. gxf5 gxf5 36. Rxd6 h5 37. Rh6 h4 38. Rxh4 Rg4 39. Rh3
Rxf4+ 40. Ke5 Rf1 41. d6 Kf7 42. Kd5 Rd1+ 43. Kc6 Kf6 44. d7 Ke5 45. Rc3 Rxd7
46. Kxd7 Kd4 47. Rf3 c3 48. Rxf5 c2 49. Rf1 Kc3 50. Kd6 1/2-1/2

[Event "Skakliga 2007-08"]
[Site "Denmark"]
[Date "2007.11.18"]
[Round "3.8"]
[White "Mikkelsen, Jakob"]
[Black "Bjorntoft, Peter"]
[Result "1/2-1/2"]
[WhiteElo "2009"]
[BlackElo "2118"]
[PlyCount "92"]
[EventDate "2007.11.10"]
[EventType "team-tourn"]
[EventRounds "9"]
[EventCountry "DEN"]
[Source "ChessBase"]
[SourceDate "2003.11.25"]
[WhiteTeam "Sydostfyn"]
[BlackTeam "Helsinge"]
[WhiteTeamCountry "DEN"]
[BlackTeamCountry "DEN"]

1. e4 c5 2. Nc3 e6 3. d3 d5 4. g3 Nf6 5. Bg2 Nc6 6. Nh3 d4 7. Ne2 Be7 8. O-O h5
9. f3 e5 10. Bg5 Ng8 11. Bd2 h4 12. g4 g5 13. Qc1 f6 14. a4 Nh6 15. Nf2 Be6 16.
b3 Nf7 17. h3 Qd7 18. Qb2 O-O 19. Rfb1 Rfc8 20. Nc1 Nd6 21. Bf1 Bd8 22. Na2 Ba5
23. Qc1 Bxd2 24. Qxd2 b6 25. Be2 a6 26. Nd1 b5 27. Nb2 Qf7 28. Nc1 c4 29. dxc4
bxc4 30. bxc4 Nxc4 31. Nxc4 Bxc4 32. Rb6 Rab8 33. Rab1 Rxb6 34. Rxb6 Bxe2 35.
Qxe2 Qa7 36. Qc4+ Kg7 37. a5 d3 38. Nxd3 Nxa5 39. Qxc8 Qxb6+ 40. Qc5 Nc4 41.
Kf2 a5 42. Ke2 Qe6 43. Qa7+ Kg6 44. Qc7 Nb6 45. Kf2 Nc4 46. Ke2 Nb6 1/2-1/2

[Event "Skakliga 2007-08"]
[Site "Denmark"]
[Date "2007.11.18"]
[Round "3.1"]
[White "Pedersen, Nicolai Vesterbaek"]
[Black "Rasmussen, Allan Stig"]
[Result "1-0"]
[WhiteElo "2454"]
[BlackElo "2475"]
[PlyCount "79"]
[EventDate "2007.11.10"]
[EventType "team-tourn"]
[EventRounds "9"]
[EventCountry "DEN"]
[Source "ChessBase"]
[SourceDate "2003.11.25"]
[WhiteTeam "Aalborg"]
[BlackTeam "Jetsmark"]
[WhiteTeamCountry "DEN"]
[BlackTeamCountry "DEN"]

1. e4 c6 2. d4 d5 3. Nd2 dxe4 4. Nxe4 Nd7 5. Ng5 Ngf6 6. Bd3 e6 7. N1f3 Bd6 8.
Qe2 h6 9. Ne4 Nxe4 10. Qxe4 Qc7 11. Qg4 Kf8 12. O-O b6 13. b3 Bb7 14. Bb2 Nf6
15. Qh4 Nd5 16. g3 Nb4 17. Be4 f5 18. Bd3 Nxd3 19. cxd3 c5 20. dxc5 bxc5 21.
Nd2 Be5 22. Bxe5 Qxe5 23. Nc4 Qd5 24. f3 g5 25. Qh5 Qd4+ 26. Kg2 g4 27. Rae1
gxf3+ 28. Rxf3 Bxf3+ 29. Qxf3 Re8 30. Ne5 Rh7 31. Qh5 Qd5+ 32. Kh3 Qb7 33. Rc1
Qg7 34. Rxc5 Qg5 35. Qf3 h5 36. Qf4 Qxf4 37. gxf4 Rg7 38. b4 Rd8 39. b5 Rg1 40.
Rc6 1-0

[Event "Skakliga 2007-08"]
[Site "Denmark"]
[Date "2007.11.18"]
[Round "3.2"]
[White "Glud, Jakob Vang"]
[Black "Luch, Michal"]
[Result "1/2-1/2"]
[WhiteElo "2468"]
[BlackElo "2389"]
[PlyCount "53"]
[EventDate "2007.11.10"]
[EventType "team-tourn"]
[EventRounds "9"]
[EventCountry "DEN"]
[Source "ChessBase"]
[SourceDate "2003.11.25"]
[WhiteTeam "Jetsmark"]
[BlackTeam "Aalborg"]
[WhiteTeamCountry "DEN"]
[BlackTeamCountry "DEN"]

1. c4 Nf6 2. g3 e6 3. Bg2 d5 4. Nf3 dxc4 5. Qa4+ Nbd7 6. Qxc4 c5 7. Qc2 b6 8.
O-O Bb7 9. d3 Rc8 10. Nbd2 Bd6 11. Nc4 Bb8 12. Bf4 Bxf4 13. gxf4 Qc7 14. Qd2
O-O 15. Rac1 Nd5 16. Nfe5 b5 17. Nxd7 Qxd7 18. Ne5 Qd6 19. d4 c4 20. e3 f6 21.
Nf3 b4 22. Qc2 c3 23. Rfe1 Rc7 24. b3 g6 25. Kh1 a5 26. Rg1 Kh8 27. Rcd1
1/2-1/2

[Event "Skakliga 2007-08"]
[Site "Denmark"]
[Date "2007.11.18"]
[Round "3.3"]
[White "Pedersen, Daniel V"]
[Black "Pedersen, Christian Kyndel"]
[Result "1/2-1/2"]
[WhiteElo "2235"]
[BlackElo "2406"]
[PlyCount "144"]
[EventDate "2007.11.10"]
[EventType "team-tourn"]
[EventRounds "9"]
[EventCountry "DEN"]
[Source "ChessBase"]
[SourceDate "2003.11.25"]
[WhiteTeam "Aalborg"]
[BlackTeam "Jetsmark"]
[WhiteTeamCountry "DEN"]
[BlackTeamCountry "DEN"]

1. e4 c5 2. c3 Nf6 3. e5 Nd5 4. d4 cxd4 5. Nf3 e6 6. cxd4 d6 7. Bc4 Nc6 8. O-O
Be7 9. Qe2 O-O 10. Re1 Qb6 11. Qe4 dxe5 12. dxe5 Bc5 13. Re2 Nd4 14. Nxd4 Bxd4
15. Nd2 Bxb2 16. Bxb2 Qxb2 17. Nb3 Qa3 18. Bd3 g6 19. Qh4 Bd7 20. Re4 Rfc8 21.
Qh6 Qf8 22. Qd2 Bc6 23. Na5 Nb6 24. Nxc6 Rxc6 25. Rd4 Rd8 26. Be4 Rxd4 27. Qxd4
Rc4 28. Qd3 Rc7 29. Rd1 Nd7 30. Qd6 Qc8 31. f4 Rc1 32. Kf2 Rxd1 33. Qxd1 Kg7
34. Qd4 Qc5 35. Qxc5 Nxc5 36. Bc2 Kf8 37. Ke3 h5 38. g3 Ke7 39. Kd4 b6 40. h4
Kd7 41. Bd1 Na6 42. Bb3 Nc7 43. f5 gxf5 44. Bd1 Ke7 45. Bxh5 f6 46. Be2 Ne8 47.
g4 fxg4 48. Bxg4 f5 49. Bh5 Nc7 50. Bf3 Na6 51. Kc4 Nc5 52. Kb5 Nd3 53. Ka6
Nxe5 54. Be2 Nc6 55. Kb7 Nb4 56. a3 Nc2 57. a4 Nd4 58. Bf1 Kd6 59. h5 Nc6 60.
h6 Nd8+ 61. Kxa7 Kc5 62. h7 Nf7 63. Kb7 e5 64. Kc7 e4 65. Kd7 f4 66. Ke6 Ng5+
67. Kf5 Nxh7 68. Kxe4 Kb4 69. Bb5 Nf6+ 70. Kxf4 Nd5+ 71. Ke5 Nc3 72. Be8 Nxa4
1/2-1/2

[Event "Skakliga 2007-08"]
[Site "Denmark"]
[Date "2007.11.18"]
[Round "3.4"]
[White "Christensen, Stefan"]
[Black "Nielsen, Steffen Slumstrup"]
[Result "1-0"]
[WhiteElo "2308"]
[BlackElo "2226"]
[PlyCount "73"]
[EventDate "2007.11.10"]
[EventType "team-tourn"]
[EventRounds "9"]
[EventCountry "DEN"]
[Source "ChessBase"]
[SourceDate "2003.11.25"]
[WhiteTeam "Jetsmark"]
[BlackTeam "Aalborg"]
[WhiteTeamCountry "DEN"]
[BlackTeamCountry "DEN"]

1. e4 e5 2. Nf3 Nc6 3. Bb5 a6 4. Ba4 Nf6 5. O-O Be7 6. Re1 b5 7. Bb3 d6 8. c3
O-O 9. d4 Bg4 10. Be3 Qd7 11. Nbd2 Rae8 12. d5 Na5 13. Bc2 Nxe4 14. Nxe4 f5 15.
Neg5 e4 16. Nxe4 fxe4 17. Bxe4 Bf6 18. Qc2 Nc4 19. Bxh7+ Kh8 20. Nd4 Nxe3 21.
Rxe3 Rxe3 22. fxe3 Qe7 23. Qe4 Qxe4 24. Bxe4 Re8 25. Bg6 Rxe3 26. h3 Bd7 27.
Kf2 Re5 28. Bf7 b4 29. Nf3 Re7 30. Bg6 bxc3 31. bxc3 Bxc3 32. Rb1 Bb5 33. a4
Re2+ 34. Kg1 Kg8 35. axb5 a5 36. b6 cxb6 37. Rxb6 1-0

[Event "Skakliga 2007-08"]
[Site "Denmark"]
[Date "2007.11.18"]
[Round "3.5"]
[White "Meyer, Lars August"]
[Black "Jensen, Bjarke"]
[Result "1-0"]
[WhiteElo "2222"]
[BlackElo "2252"]
[PlyCount "53"]
[EventDate "2007.11.10"]
[EventType "team-tourn"]
[EventRounds "9"]
[EventCountry "DEN"]
[Source "ChessBase"]
[SourceDate "2003.11.25"]
[WhiteTeam "Aalborg"]
[BlackTeam "Jetsmark"]
[WhiteTeamCountry "DEN"]
[BlackTeamCountry "DEN"]

1. d4 Nf6 2. c4 g6 3. Nc3 Bg7 4. e4 d6 5. Be2 c5 6. d5 e5 7. g4 h5 8. g5 Ng8 9.
f4 exf4 10. Bxf4 Bxc3+ 11. bxc3 Qe7 12. Nf3 Qxe4 13. Bxd6 Bg4 14. Kf2 Bxf3 15.
Qa4+ Kd8 16. Bxf3 Qh4+ 17. Bg3 Qxg5 18. Rhe1 Nd7 19. h4 Qf6 20. Rab1 Qa6 21.
Qxa6 bxa6 22. Rb7 Ngf6 23. Bc7+ Kc8 24. d6 Ng4+ 25. Kg3 Nde5 26. d7+ Nxd7 27.
Bf4 1-0

[Event "Skakliga 2007-08"]
[Site "Denmark"]
[Date "2007.11.18"]
[Round "3.6"]
[White "Helledie, Anders"]
[Black "Hjorth, Torben"]
[Result "0-1"]
[WhiteElo "2121"]
[BlackElo "2151"]
[PlyCount "80"]
[EventDate "2007.11.10"]
[EventType "team-tourn"]
[EventRounds "9"]
[EventCountry "DEN"]
[Source "ChessBase"]
[SourceDate "2003.11.25"]
[WhiteTeam "Jetsmark"]
[BlackTeam "Aalborg"]
[WhiteTeamCountry "DEN"]
[BlackTeamCountry "DEN"]

1. e4 e6 2. d3 d5 3. Nd2 c5 4. Ngf3 Nc6 5. g3 Nf6 6. Bg2 Be7 7. O-O b6 8. Re1
Bb7 9. c3 Qc7 10. Qe2 h6 11. a3 O-O-O 12. e5 Nd7 13. b4 g5 14. b5 Na5 15. h3
Rdg8 16. Nh2 h5 17. a4 Kb8 18. Ba3 Re8 19. d4 f5 20. f4 gxf4 21. gxf4 Reg8 22.
Nhf3 h4 23. Kh2 Nf8 24. Rg1 Nc4 25. Nxc4 dxc4 26. Qxc4 Rg3 27. Raf1 Rhg8 28.
Bc1 Bd5 29. Qe2 cxd4 30. cxd4 Bc4 31. Qd1 Bxf1 32. Qxf1 Qc2 33. Bd2 Ng6 34. Qc1
Rc8 35. Kh1 Qd3 36. Qd1 Rc2 37. Bc1 Qxd1 38. Rxd1 Rgxg2 39. Ne1 Rh2+ 40. Kg1
Ra2 0-1